00721 2200253 4500001002100000005001700021008004100038020002200079035002500101040001200126082001900138084001900157090001900176100002000195245008200215250000900297260003500306300002900341440003100370650001600401700002000417850001200437990001800449INLIS00000000000383020150413114009.0  a378-379-26-9387-4 a0010-041500000000896 aYOPDYOG aK 530.41 Jeo A aK 530.41 Jeo A aK 530.41 Jeo A aJEONG, SO-Yeong aApa bedanya benda dengan bahan/cJeong So-Yeong ; penerjemah, Adinda Presanti aEd.1 aBandung:bPelangi Mizan,c2011 a163 hlm.:bilus.;c27 cm aseri confidence in science aBenda padat aAdinda Presanti aYOPDYOG a11016-PD/B.15